The Review of Insurance Studies

محفوظ في:

التنسيق: دورية

اللغة: Undetermined

منشور في: JSTOR
American Risk and Insurance Association

الموضوعات:

الوصول للمادة أونلاين: Login to view Source

الوسوم: إضافة وسم

لا توجد وسوم, كن أول من يضع وسما على هذه التسجيلة!

رقم الطلب:

LEADER 00535nas a2200169Ia 4500
008 220214c99999999xx |||||||||||| ||und||
022 |a 1535-4008 
245 0 4 |a The Review of Insurance Studies 
264 1 |b JSTOR 
264 1 |b American Risk and Insurance Association 
362 0 |a Vol. 1(1954)-3 (1956) 
653 1 0 |a Business & Economics 
653 1 0 |a Economics 
856 4 0 |u https://www.jstor.org/journal/reviinsustud 
942 |c JL 
952 |0 0  |1 0  |4 0  |7 1  |9 36963  |a JSR  |b JSR  |d 2022-02-14  |l 0  |r 2022-02-14 00:00:00  |w 2022-02-14  |y JL 
999 |c 45295  |d 45295